000 01566nam a2200505 i 4500
001 16347
003 KOSZ 005
005 20191024145110.0
008 040330s1975 pl a f |000 0 pol
015 _aPB 1975/7681
035 _a991022965919705066
035 _a(PL-WaBN)b16192941-48omnis_nlop
035 _ab16192941
035 _a(OCoLC)750613499
035 _a(PL)b0000001619294
035 _a(EXLNZ-48OMNIS_NETWORK)9910009089805606
040 _aWA N
_cWA N
_dKOSZ 005/EG
041 0 _apol
046 _k1962
080 _a51
080 _a33
080 _a(075.8)
100 1 _aKryński, Henryk
_d(1906-1987)
_eAutor
245 1 0 _aMatematyka dla ekonomistów /
_cHenryk Edel-Kryński.
250 _aWyd. 7.
260 _aWarszawa :
_bPańst. Wydaw. Naukowe,
_c1975.
300 _a529, [3] s. :
_bil., tab., wykr., err. ;
_c24 cm.
336 _2rdacontent
_aTekst
_btxt
337 _2rdamedia
_aBez urządzenia pośredniczącego
_bn
338 _2rdacarrier
_aWolumin
_bnc
380 _aKsiążki
380 _aPublikacje dydaktyczne
385 _mPoziom nauczania
_aSzkoły wyższe
388 _a1901-2000
388 _a1945-1989
504 _aBibliogr.
650 7 _aEkonomia
_2DBN
650 7 _aMatematyka
_2DBN
655 7 _aPodręczniki akademickie
_2DBN
658 _aMatematyka
710 2 _aPaństwowe Wydawnictwo Naukowe
856 _uhttp://koha.tu.koszalin.pl/cgi-bin/koha/opac-detail.pl?biblionumber=16347
_yKatalog online BPK
942 _2UKD
_cKS
999 _c16347
_d16347